| 000 | 00427nam a22001697a 4500 | ||
|---|---|---|---|
| 005 | 20180326115556.0 | ||
| 008 | 160620b xxu||||| |||| 00| 0 eng d | ||
| 020 | _a81-203-0915-4 | ||
| 041 | _aeng | ||
| 082 |
_b8366 _a338.88 |
||
| 100 |
_aTaggart, James H And McDermott, Michael _94233 |
||
| 245 | _aThe Essence of International Business | ||
| 260 |
_bPHI _c2003 |
||
| 300 | _a225 | ||
| 650 |
_aManagement _9241 |
||
| 942 | _cBK | ||
| 999 |
_c3202 _d3201 |
||